[Event "EU-chT (Men)"]
[Site "Pula"]
[Date "1997.??.??"]
[Round "2"]
[White "Dautov, Rustem"]
[Black "Giorgadze, Giorgi"]
[Result "1/2-1/2"]
[WhiteElo "2590"]
[BlackElo "2595"]

1.Nf3 d5 2.c4 c6 3.d4 Nf6 4.Nc3 e6 5.Bg5 h6 6.Bxf6 Qxf6 7.e3 Nd7 8.a3 g6
9.b4 Bg7 10.cxd5 cxd5 11.Be2 O-O 12.O-O Qe7 13.Qb3 Nb6 14.a4 Bd7 15.a5 Nc8
16.Na4 Bxa4 17.Qxa4 Nd6 18.a6 Rab8 19.b5 bxa6 20.Qxa6 Rb6 21.Qxa7  1/2-1/2

[Event "EU-chT (Men)"]
[Site "Pula"]
[Date "1997.??.??"]
[Round "3"]
[White "Sergejev, Roman"]
[Black "Yakovich, Yuri"]
[Result "1/2-1/2"]
[WhiteElo "2370"]
[BlackElo "2575"]

1.Nf3 d5 2.c4 dxc4 3.e3 e6 4.Bxc4 c5 5.d4 a6 6.O-O Nf6 7.dxc5 Qxd1 8.Rxd1 Bxc5
9.b3 Nbd7 10.Nbd2 b6 11.Bb2 Bb7 12.a3 O-O 13.Rac1 Rfc8 14.Be2 Be7 15.Rxc8+ Rxc8
16.Rc1 Rxc1+ 17.Bxc1 Nd5 18.Bb2 Nc5 19.g3 b5 20.Ne1 f6 21.Nd3 Kf7 22.Kf1 e5
23.Nxc5 Bxc5 24.Bd3 Bc8  1/2-1/2

[Event "Pula op"]
[Site "Pula"]
[Date "1997.??.??"]
[Round "4"]
[White "Loncar, Robert"]
[Black "Ionescu Brandis, Irina"]
[Result "1-0"]
[WhiteElo "2390"]
[BlackElo "2230"]

1.Nf3 d5 2.c4 c6 3.b3 Bg4 4.e3 Nd7 5.Be2 Ngf6 6.Bb2 e6 7.O-O Bd6 8.d4 O-O
9.Nc3 Qe7 10.a3 Ne4 11.Nxe4 dxe4 12.Nd2 Bxe2 13.Qxe2 Nf6 14.Rfd1 Rfd8 15.Nf1 Bc7
16.Qc2 Rd7 17.Nd2 Ng4 18.h3 Bh2+ 19.Kh1 Qh4 20.Nxe4 Bc7 21.Kg1 Bh2+ 22.Kf1 Nh6
23.Nc5 Re7 24.Qe4 Qxe4 25.Nxe4 Bc7 26.Nc5 Bd6 27.Nd3 f6 28.e4 Rd7 29.Ke2 Rad8
30.f4 Bf8 31.g4 Nf7 32.h4 Be7 33.f5 exf5 34.gxf5 Nd6 35.Nc5  1-0

[Event "EU-chT (Men)"]
[Site "Pula"]
[Date "1997.??.??"]
[Round "5"]
[White "Grivas, Efstratios"]
[Black "Giorgadze, Giorgi"]
[Result "1/2-1/2"]
[WhiteElo "2510"]
[BlackElo "2595"]

1.Nf3 d5 2.c4 c6 3.e3 e6 4.b3 Nf6 5.Bb2 Nbd7 6.Nc3 Bd6 7.Be2 O-O 8.O-O a6
9.d4 b5 10.Qc2 Qe7 11.Rfd1 Bb7 12.c5 Bc7 13.b4 e5 14.dxe5 Nxe5 15.e4 dxe4
16.Nxe4 Nd5 17.a3 Ng6 18.Ng3 f6 19.Bd3 Qf7 20.Nd4 Rfe8 21.Be4 Rad8 22.Re1 a5
23.Qb3 Ne5 24.Rad1 Nc4 25.Ba1 axb4 26.axb4 Bf4 27.Nf1 g6 28.Nf3 Rf8 29.Bxd5 Rxd5
30.Rxd5 Qxd5 31.Rd1 Qf7 32.Ng3 Re8 33.Qd3 Bxg3 34.hxg3 Bc8 35.Qc3 Rf8 36.Re1 Bg4
37.Nd2 Bf5  1/2-1/2

[Event "Pula op"]
[Site "Pula"]
[Date "1997.??.??"]
[Round "6"]
[White "Boric, Muhamed"]
[Black "Bukal, Vladimir Sr"]
[Result "1/2-1/2"]
[WhiteElo "2400"]
[BlackElo "2395"]

1.Nf3 d5 2.c4 c6 3.cxd5 cxd5 4.d4 Nc6 5.Nc3 Nf6 6.Qb3 a6 7.Bf4 e6 8.e3 Bd6
9.Bg5 O-O 10.Bd3 h6 11.Bh4 Bd7 12.O-O b5 13.Rac1 Na5 14.Qd1 Nc4 15.Qe2 b4
16.Nb1 Be7 17.Rfd1 Bb5 18.b3 Nd6 19.Ne5 Rc8 20.f3 Re8 21.Bxb5 Nxb5 22.Nc6 Qd7
23.Nxe7+ Qxe7 24.Be1 Qb7 25.Qb2 a5 26.a3 Na7 27.axb4 axb4 28.Qa2 Nc6 29.Qe2 Nd7
30.Rc2 Na5 31.Rxc8 Rxc8 32.Qd3 Nb8 33.Kf2 Na6 34.Bd2 e5 35.Rc1 Rxc1 36.Bxc1 exd4
37.exd4 Nc7 38.Be3 Nb5 39.Nd2 Nc3 40.g3 Qb6 41.h4 Nc6 42.Nb1 Qa5 43.Nxc3 bxc3
44.Qf5 Qa2+ 45.Kg1 Ne7 46.Qd7 Qb1+ 47.Kg2 Qc2+ 48.Bf2 Qe2 49.Qe8+ Kh7 50.Qxf7 c2
51.Qf4 Qd1 52.Be3 Ng6 53.Qf5 Qe2+ 54.Kh3 Qxe3 55.h5 Qg5 56.hxg6+ Qxg6 57.Qc8 Qd3
58.b4 Qf1+ 59.Kh2 c1=Q 60.Qf5+ Kg8 61.Qxd5+ Kf8 62.Qd8+ Kf7 63.Qd7+ Kf6 64.Qd6+ Kg5
65.Qe5+ Kg6 66.Qe6+ Kh7  1/2-1/2

[Event "Pula op"]
[Site "Pula"]
[Date "1997.??.??"]
[Round "7"]
[White "Hecimovic, Ivan"]
[Black "Ionescu, Mihai"]
[Result "1/2-1/2"]
[WhiteElo "2225"]
[BlackElo "2395"]

1.Nf3 d5 2.c4 c6 3.d4 Nf6 4.Nc3 a6 5.cxd5 cxd5 6.Bf4 Nc6 7.e3 Bg4 8.Be2 e6
9.O-O Be7 10.h3 Bh5 11.Ne5 Bxe2 12.Nxc6 Bxd1 13.Nxd8 Rxd8 14.Rfxd1 Rc8 15.Rac1 O-O
16.Na4 Nd7 17.Bc7 Rfe8 18.Nb6 Nxb6 19.Bxb6 Bd6 20.Kf1 Kf8 21.Ke2 Ke7 22.Kd3 Kd7
23.Ba5 b5 24.Bd2 h5 25.Rxc8 Rxc8 26.Rc1 Rg8 27.Rf1 f5 28.h4 Ra8 29.f4 a5
30.Rc1 a4 31.g3 b4 32.Be1 Ra6 33.Bd2 Rb6 34.Be1 b3 35.a3 Rc6 36.Rxc6 Kxc6
37.Kc3 Kb5 38.Bd2  1/2-1/2

[Event "EUCup (Women)"]
[Site "Rijeka"]
[Date "1997.??.??"]
[Round "3"]
[White "Olarasu, Gabriela"]
[Black "Semenova, Lidia K"]
[Result "1/2-1/2"]
[WhiteElo "2305"]
[BlackElo "2320"]

1.Nf3 d5 2.c4 c6 3.Qc2 Nf6 4.g3 g6 5.Bg2 Bg7 6.O-O O-O 7.d3 dxc4 8.Qxc4 Qa5
9.Qh4 Qh5 10.Qxh5 Nxh5 11.Nc3 Na6 12.Be3 Bd7 13.Rac1 Rfd8 14.Nd2 Nf6 15.Nc4 Ng4
16.Bg5 f6 17.Bd2 b6 18.Ne3 Nh6 19.d4 e6 20.Nc2 Rac8 21.Rfd1 Nf7 22.e4 Nc7
23.Be3 Ne8 24.Bf1 Nc7 25.Bc4 Bf8 26.Bb3 Kg7 27.Ne1 Ne8 28.Nd3 Nc7 29.Kg2 Be7
30.h4 h5 31.a3 Rf8 32.Ne2 Nd8 33.Bf4 Ne8 34.Bc4 a5 35.Bb3 Ra8 36.Be3 Rb8
37.Rc2 Kh7 38.Rdc1 Ng7 39.Ba4 Rf7 40.Bf4 Rb7 41.Bb3 Rf8 42.Ba4 c5 43.Bxd7 Rxd7
44.Rc3 cxd4 45.Rc7 Rxc7 46.Bxc7 e5 47.Bxb6 a4 48.Rc8 Nde6 49.Rxf8 Bxf8 50.f4 Bd6
51.fxe5 fxe5 52.Ng1 Ne8 53.Nf3 Nf6 54.Nd2 g5 55.Kf3 Nd7 56.Ba5 Be7 57.Bb4 Bf6
58.hxg5 Nxg5+ 59.Ke2 Kg6 60.Nc5 Nxc5 61.Bxc5 Ne6 62.Bd6 Kg5 63.Nf3+ Kg4 64.Nxe5+ Bxe5
65.Bxe5 Nc5 66.Bxd4 Nxe4 67.Kd3 Nxg3 68.Bf6 h4 69.Bxh4 Kxh4 70.Kc4 Kg5 71.Kb5 Kf6
72.Kxa4 Ke7 73.Kb5 Kd7 74.Kb6 Ne4 75.a4 Nd6 76.b4 Nc8+ 77.Kb7 Nd6+ 78.Ka6 Kc7
79.b5 Nc4 80.Ka7 Na5 81.b6+ Kc6 82.Ka6 Nb7 83.a5 Nxa5  1/2-1/2

[Event "Rotherham Carlton Park"]
[Site "Rotherham"]
[Date "1997.??.??"]
[Round "9"]
[White "Ferguson, Mark"]
[Black "Bryson, Douglas M"]
[Result "1-0"]
[WhiteElo "2380"]
[BlackElo "2385"]

1.Nf3 d5 2.c4 e6 3.b3 Nf6 4.g3 c5 5.Bg2 Nc6 6.Bb2 d4 7.d3 Be7 8.e3 e5 9.exd4 cxd4
10.O-O O-O 11.Na3 Nd7 12.Nd2 Nc5 13.Ne4 Ne6 14.Nc2 f5 15.Nd2 a5 16.f4 exf4
17.gxf4 Bd6 18.Bd5 Bxf4 19.Kh1 Bc7 20.Nxd4 Nxd4 21.Bxd4 Kh8 22.Bc3 Bb6 23.Qe1 Bd4
24.Bxd4 Nxd4 25.Rc1 Ra6 26.Qe3 Nc6 27.Bxc6 Rxc6 28.Nf3 f4 29.Qd2 Bf5 30.d4 Be4
31.d5 Rh6 32.Rce1 Re8 33.Re2 Qd6 34.Kg1 Rg6+ 35.Rg2 Rxg2+ 36.Qxg2 h5 37.Ng5 Qb6+
38.Qf2 Qg6 39.Qxf4 h4 40.Qf8+  1-0

[Event "Mechanics"]
[Site "San Francisco"]
[Date "1997.??.??"]
[Round "2"]
[White "Donaldson, John W"]
[Black "Bhat, Vinay S"]
[Result "1-0"]
[WhiteElo "2430"]
[BlackElo "2235"]

1.Nf3 d5 2.c4 e6 3.g3 Nf6 4.Bg2 Be7 5.O-O O-O 6.d4 Nbd7 7.Qc2 c6 8.b3 b6
9.Rd1 Bb7 10.Nc3 c5 11.cxd5 exd5 12.dxc5 Nxc5 13.Bb2 Re8 14.Rac1 Bf8 15.Ng5 g6
16.Nxd5 Bxd5 17.Qc3 Bg7 18.Bxd5 Qe7 19.Bxf7+ Kh8 20.Bxe8 Rxe8 21.Qc4  1-0

[Event "Bayern-ch Seniors op"]
[Site "Schloss Schney"]
[Date "1997.??.??"]
[Round "3"]
[White "Hartlaub, Marianne"]
[Black "Neumann, Helmut"]
[Result "0-1"]
[WhiteElo "1598"]
[BlackElo "1608"]

1.Nf3 d5 2.c4 d4 3.e3 c5 4.exd4 cxd4 5.d3 Nc6 6.g3 Bg4 7.Bg2 e5 8.Nbd2 Bb4
9.O-O Nge7 10.Qa4 Bd6 11.a3 O-O 12.b4 a6 13.Re1 f6 14.Ne4 b5 15.cxb5 axb5
16.Qb3+ Kh8 17.Nxd6 Qxd6 18.Nd2 Be6 19.Qd1 Ra7 20.Bb2 Nd5 21.Ne4 Qd8 22.Nc5 Bg8
23.Qf3 Nde7 24.Rac1 Bd5 25.Qe2 Re8 26.Bh3 Qd6 27.Qh5 g6 28.Qe2 Nc8 29.Ne4 Qf8
30.Rc5 Nb6 31.Rec1 Ne7 32.Rxb5 Na4 33.Nc5 Bc6 34.Ra5 Rxa5 35.bxa5 Rb8 36.Nxa4 Bxa4
37.Be6 Qd8 38.Qd2 Qd6 39.Bc4 Bc6 40.a6 Nd5 41.Qc2 Nb6 42.a7 Rd8 43.Bb3 Rc8
44.Qc5 Qd8 45.Qa5 Qc7 46.Rxc6 Qxc6 47.a4 Na8 48.Bd5 Qb6 49.Qb5 Qxa7 50.Ba3 Kg7
51.h4 Qc7 52.Qa6 Nb6 53.Bb3 Rd8 54.Qb5 Rb8 55.a5 Nd7 56.Qd5 h5 57.Qf7+ Kh6
58.Be6 Qc3 59.Bd6 Qc1+ 60.Kg2 Qc6+ 61.Kh2 Qxd6 62.Qxd7 Qxd7 63.Bxd7 Ra8 64.Bb5 Rxa5
65.Bc4 g5 66.hxg5+ Kxg5 67.Kg2 f5 68.f3 Rc5 69.Kf2 h4 70.gxh4+ Kxh4 71.Kg2 e4
72.fxe4 fxe4 73.Kf2 Kg5 74.Ke2 Kf4 75.Bb3 exd3+  0-1

[Event "Bayern-ch Seniors op"]
[Site "Schloss Schney"]
[Date "1997.??.??"]
[Round "8"]
[White "Klose, Hans Peter"]
[Black "Dunkel, Horst"]
[Result "1/2-1/2"]
[WhiteElo "1391"]
[BlackElo "1626"]

1.Nf3 d5 2.c4 Nf6 3.cxd5 Nxd5 4.g3 c6 5.Bg2 Bg4 6.h3 Bxf3 7.Bxf3 e6 8.a3 Be7
9.d3 Nd7 10.e4 N5b6 11.Be3 O-O 12.O-O Qc7 13.Nc3 a6 14.Ne2 Rad8 15.Rc1 Ne5
16.Nf4 Nbd7 17.d4 Nxf3+ 18.Qxf3 Qa5 19.Qg4 Qg5 20.e5 Qxg4 21.hxg4 Nb6 22.Rc2 Nd5
23.Nd3 Rd7 24.Bd2 h6 25.Bb4 Bxb4 26.axb4 Rfd8 27.Rcc1  1/2-1/2

[Event "Bayern-ch Seniors op"]
[Site "Schloss Schney"]
[Date "1997.??.??"]
[Round "9"]
[White "Hartlaub, Marianne"]
[Black "Jeschke, Walter"]
[Result "1-0"]
[WhiteElo "1598"]
[BlackElo "1523"]

1.Nf3 d5 2.c4 d4 3.g3 Nc6 4.Bg2 e5 5.d3 Nf6 6.Nbd2 Bd6 7.O-O O-O 8.Ng5 h6
9.Nge4 Re8 10.a3 Bf5 11.Nxd6 Qxd6 12.b4 b6 13.Nb3 Rad8 14.c5 Qd7 15.Re1 e4
16.b5 Na5 17.Nxa5 bxa5 18.c6 Qc8 19.Bb2 Bh3 20.Bh1 Ng4 21.Bxe4 Re5 22.e3 Rxb5
23.Bxd4 Qb8 24.Rb1 Rxb1 25.Qxb1 Qxb1 26.Rxb1 a6 27.Rb7 Nf6 28.Bxf6 gxf6 29.d4 Re8
30.Bg2 Be6 31.d5 Bf5 32.h3 Re7 33.g4 Bc8 34.Rb8 Re8 35.e4 Kf8 36.f3 f5 37.gxf5 h5
38.Kf2 a4 39.Bf1 Ke7 40.Ke3 Kd6 41.Ra8  1-0

[Event "Schwaebisch Gmuend op"]
[Site "Schwaebisch Gmuend"]
[Date "1997.??.??"]
[Round "3"]
[White "Seeling, Klaus"]
[Black "Huber, Armin"]
[Result "1/2-1/2"]
[WhiteElo "2140"]
[BlackElo "2330"]

1.Nf3 d5 2.c4 e6 3.g3 Nf6 4.Bg2 Be7 5.O-O O-O 6.b3 b6 7.Bb2 Bb7 8.d4 c5 9.Nbd2 dxc4
10.Nxc4 Nbd7 11.Rc1 Rc8 12.e3 b5 13.Nce5 Nxe5 14.Nxe5 Bxg2 15.Kxg2 Qd5+ 16.Qf3  1/2-1/2

[Event "Schwaebisch Gmuend op"]
[Site "Schwaebisch Gmuend"]
[Date "1997.??.??"]
[Round "4"]
[White "Gheng, Josef"]
[Black "Welker, Michael"]
[Result "1-0"]
[WhiteElo "2295"]
[BlackElo "2085"]

1.Nf3 d5 2.c4 e6 3.d4 Nf6 4.e3 Be7 5.Bd3 O-O 6.O-O b6 7.b3 Bb7 8.Bb2 c5 9.Qe2 Nc6
10.Nbd2 cxd4 11.exd4 Ne8 12.Rac1 Bf6 13.Rfd1 dxc4 14.Nxc4 Nb4 15.Bb1 Bg5
16.Rc3 Bh6 17.Ne3 Nf6 18.Ne5 Nbd5 19.Nxd5 Qxd5 20.f3 Rac8 21.Rxc8 Rxc8 22.Bd3 Qd8
23.Bc4 Bd5 24.Ba6 Rc7 25.Qd3 Ba8 26.Qe2 Nd5 27.Ng4 Bg5 28.Bc4 h5 29.Nf2 Ne3
30.Re1 Nd5 31.Ne4 Be7 32.g3 g6 33.Bc1 Qf8 34.Bg5 Bxg5 35.Nxg5 Re7 36.Ne4 Qg7
37.Qd2 Nf6 38.Qg5 Nd5 39.Bxd5  1-0

[Event "Schwaebisch Gmuend op"]
[Site "Schwaebisch Gmuend"]
[Date "1997.??.??"]
[Round "9"]
[White "Reuss, Andreas"]
[Black "Kull, Florian"]
[Result "1-0"]
[WhiteElo "1905"]
[BlackElo "2105"]

1.Nf3 d5 2.c4 e6 3.d4 c6 4.Nc3 f5 5.g4 fxg4 6.Ne5 Nf6 7.Rg1 c5 8.Nxg4 Nxg4
9.Rxg4 cxd4 10.Bg5 Be7 11.Bxe7 Qxe7 12.Rxd4 O-O 13.cxd5 Qf6 14.Ne4 Qh4 15.Qb3 exd5
16.Qxd5+ Kh8 17.Qg5 Qxg5 18.Nxg5 Nc6 19.Rd2 h6 20.Ne4 Bf5 21.Bg2 Bxe4 22.Bxe4 Ne5
23.e3 Rab8 24.Rc1 b5 25.Rc7 a5 26.Re7 Rbe8 27.Rxe8 Rxe8 28.Rd5 Ng4 29.Bg6 Rb8
30.Bd3 Nxh2 31.Rxb5 Rd8 32.Be2 g5 33.Rxa5 Rb8 34.b3 Rc8 35.Rd5 Rc2 36.Rd2 Rc1+
37.Rd1 Rc2 38.Ra1 g4 39.a4 Rb2 40.a5  1-0

[Event "Seefeld op"]
[Site "Seefeld"]
[Date "1997.??.??"]
[Round "?"]
[White "Stiller, Patrick"]
[Black "Schulz, Rainer"]
[Result "1/2-1/2"]
[WhiteElo "1950"]
[BlackElo "2280"]

1.Nf3 d5 2.c4 dxc4 3.e3 Nf6 4.Bxc4 e6 5.O-O Be7 6.b3 O-O 7.Bb2 Nbd7 8.Nc3 b6
9.d4 Bb7 10.d5 e5 11.e4 Bd6 12.Qe2 a6 13.a4 Nh5 14.Bc1 Qf6 15.g3 Bc8 16.Ne1 Qg6
17.Ng2 Ndf6 18.Nh4 Qg4 19.Qxg4 Bxg4 20.f3 Bh3 21.Ng2 Bc5+ 22.Kh1 Ne8 23.Ba3 Bxa3
24.Rxa3 Nhf6 25.Rc1 Nd6 26.Be2 Nfe8 27.g4 Bxg2+ 28.Kxg2 g6 29.Kf2 Kg7 30.Ke3 f5
31.gxf5 gxf5 32.Nb1 Rf6 33.Nd2 Rg6 34.Raa1 Kf6 35.Rg1 Ng7 36.Rxg6+ hxg6 37.Rc1 Nge8
38.Rc6 Ke7 39.Nc4 Kf6 40.Nxd6 Nxd6 41.Rxc7 fxe4 42.fxe4 Rh8 43.Rc6 Ke7 44.Rxb6 Rxh2
45.Rxa6 Rh3+ 46.Bf3 g5 47.Kf2 g4 48.Bxg4 Nxe4+ 49.Ke1 Rxb3 50.Re6+ Kd8 51.Rxe5 Nc5
52.Rh5 Rb4 53.Bh3 Rxa4 54.d6 Ne6 55.Re5 Nf4 56.Bf5 Rd4 57.d7 Nd3+ 58.Bxd3 Rxd3  1/2-1/2

[Event "Seefeld op"]
[Site "Seefeld"]
[Date "1997.??.??"]
[Round "?"]
[White "Baumann, Kurt"]
[Black "Moosleitner, Hugo"]
[Result "1-0"]
[WhiteElo "1685"]
[BlackElo "1870"]

1.Nf3 d5 2.c4 c6 3.g3 dxc4 4.Bg2 b5 5.a4 Qc7 6.axb5 cxb5 7.Nc3 Qb6 8.Nd5 Qd6
9.d4 Bb7 10.e4 Bxd5 11.exd5 Nd7 12.Bf4 Qb6 13.O-O f6 14.h4 g6 15.Qd2 h6 16.Rfe1 g5
17.Re6 Qb7 18.hxg5 hxg5 19.Nxg5 fxg5 20.Bxg5 Ndf6 21.d6 Qd7 22.Bxa8 Qxe6
23.Bc6+ Kf7 24.d7 Qxc6 25.d8=N+ Kg6 26.Nxc6 Bh6 27.Bxh6 Rxh6 28.Rxa7 Rh7
29.Ne5+ Kg7 30.Qg5+ Kh8 31.Ng6+ Kg7 32.Nxe7+ Kf8 33.Ng6+ Ke8 34.Rxh7 Nxh7
35.Qe5+ Kf7 36.Nh8+  1-0

[Event "BUL-ch"]
[Site "Shumen"]
[Date "1997.??.??"]
[Round "6"]
[White "Dimov, Dian"]
[Black "Angelov, Emil"]
[Result "1/2-1/2"]
[WhiteElo "2370"]
[BlackElo "2265"]

1.Nf3 d5 2.c4 c6 3.b3 Bf5 4.Bb2 Nd7 5.g3 Ngf6 6.Bg2 e6 7.O-O Be7 8.d3 h6
9.Nbd2 b5 10.cxb5 cxb5 11.Nd4 Qb6 12.Nxf5 exf5 13.e4 dxe4 14.dxe4 Rd8 15.e5 Ne4
16.Nxe4 fxe4 17.Qg4 O-O 18.Bxe4 Nc5 19.Bf5 Ne6 20.Rae1 Rd2 21.Bc1 Rd4 22.Qe2 Rd7
23.Bb1 Qc6 24.Be4 Qb6 25.Qg4 Bg5 26.Bxg5 hxg5 27.h4 gxh4 28.Qxh4 g6 29.Kg2 Rd2
30.Qh6 Rfd8 31.Re3 Rd1 32.Rxd1 Rxd1 33.Qh4 Rd2 34.Rf3 Qd8 35.Qxd8+ Rxd8 36.Rc3 Rd2
37.a4 bxa4 38.bxa4 Re2 39.Rc4 Ng5 40.Bd3 Rxe5 41.f4 Rd5 42.Bxg6 fxg6 43.fxg5 a5
44.Rg4 Kf7 45.Kh3 Kg7 46.Kh4 Kf7 47.Rf4+ Kg7 48.Kg4 Kg8 49.Rc4 Kg7 50.Kh4 Kf7
51.g4 Kg7 52.Rc7+ Kf8 53.Ra7 Kg8 54.Kg3 Rxg5 55.Rb7 Kf8  1/2-1/2

[Event "Pools schev"]
[Site "Singapore"]
[Date "1997.??.??"]
[Round "10"]
[White "Wong Meng Kong"]
[Black "Marentek, Hanny"]
[Result "0-1"]
[WhiteElo "2415"]
[BlackElo "2435"]

1.Nf3 d5 2.c4 d4 3.g3 c5 4.Bg2 Nf6 5.O-O Nc6 6.d3 e6 7.Na3 Be7 8.Nc2 O-O
9.Rb1 e5 10.a3 a5 11.b3 Re8 12.Bg5 Bf8 13.e4 Rb8 14.Nd2 h6 15.Bxf6 Qxf6 16.f4 Bd6
17.Qf3 Bd7 18.fxe5 Qxf3 19.Nxf3 Nxe5 20.Nxe5 Bxe5 21.b4 axb4 22.axb4 b5 23.bxc5 bxc4
24.Nb4 c3 25.c6 Bg4 26.Kf2 Rb6 27.Nd5 Rxc6 28.Bf3 Be6 29.Rfc1 Ra6 30.Rc2 Rea8
31.Bd1 Ra2 32.Nb4 Ra1 33.Rcc1 Rxb1 34.Rxb1 Rb8 35.Bc2 Bd6 36.Nd5 Ra8 37.Bb3 Rb8
38.Bc2 Rxb1 39.Bxb1 Kf8 40.Bc2 h5 41.Kg2 g5 42.Nf6 Be7 43.Nd5 f5 44.Kf3 Kf7
45.Nc7 g4+ 46.Ke2 Bd7 47.Bb3+ Kg6 48.Nd5 Bg5 49.Nb6 Be6 50.exf5+ Bxf5 51.Nc4 Be6
52.Ba4 Bd5 53.Na3 Bf3+ 54.Kf1 Kf6 55.Bb3 h4 56.Kf2 Ke5 57.Nc4+ Kf6 58.h3 Bd5  0-1

[Event "Sitges op"]
[Site "Sitges"]
[Date "1997.??.??"]
[Round "2"]
[White "Marin, Mihail"]
[Black "Schubert, Silke"]
[Result "1-0"]
[WhiteElo "2545"]
[BlackElo "2090"]

1.Nf3 d5 2.c4 d4 3.g3 Nc6 4.Bg2 e5 5.O-O Bc5 6.b4 Bxb4 7.Nxe5 Nxe5 8.Qa4+ Nc6
9.Bxc6+ bxc6 10.Qxb4 Bh3 11.Re1 Nh6 12.d3 Ng4 13.Nd2 f5 14.Nf3 h6 15.Ba3 Qd7
16.Qc5 Rd8 17.Nxd4 Nxf2 18.Nxc6 Ng4 19.Nxd8 Qxd8 20.Rab1 Qa8 21.Qe7+  1-0

[Event "Sitges op"]
[Site "Sitges"]
[Date "1997.??.??"]
[Round "3"]
[White "Nikcevic, Nebojsa"]
[Black "Marin Ionescu, Luiza"]
[Result "1-0"]
[WhiteElo "2540"]
[BlackElo "2220"]

1.Nf3 d5 2.c4 c6 3.e3 Nf6 4.Nc3 a6 5.Be2 b5 6.cxd5 cxd5 7.b4 Nc6 8.a4 Nxb4
9.axb5 a5 10.Ba3 e6 11.O-O Bd6 12.Na2 Nxa2 13.Rxa2 O-O 14.Bxd6 Qxd6 15.Qa1 Qb6
16.Qd4 Nd7 17.Rfa1 Qd8 18.Qc3 Bb7 19.Rxa5 Rxa5 20.Qxa5 Qf6 21.d4 Ra8 22.Qc3 Rc8
23.Qb4 Nb6 24.Qd6 Nc4 25.Qd7 Rb8 26.Qxb7  1-0

[Event "Sitges op"]
[Site "Sitges"]
[Date "1997.??.??"]
[Round "4"]
[White "Marin, Mihail"]
[Black "Hansen, Lars"]
[Result "1-0"]
[WhiteElo "2545"]
[BlackElo "2330"]

1.Nf3 d5 2.c4 dxc4 3.Na3 c5 4.g3 Nc6 5.Bg2 e5 6.Nxc4 f6 7.d3 Be6 8.O-O Rc8
9.Be3 Qd7 10.Qa4 b6 11.Rfc1 Nge7 12.a3 Nf5 13.Bh3 Be7 14.b4 Ncd4 15.Qxd7+ Kxd7
16.Bxd4 cxd4 17.b5 Bd6 18.Nfd2 Rc7 19.Ne4 Bc5 20.a4 Ne7 21.Bxe6+ Kxe6 22.a5 Rhc8
23.axb6 Bxb6 24.Ra6 Nd5 25.Rca1 h6 26.Kg2 f5 27.Ned6 Rd8 28.Nxb6 axb6 29.Nc4 Rb8
30.Ra8 Rxa8 31.Rxa8 Nc3 32.Rb8 Nxe2 33.Rxb6+ Kd5 34.Rb8 Kc5 35.b6 Re7 36.b7 Kb4
37.Nd6 Nc1 38.Rc8 Rxb7 39.Rxc1 Rd7 40.Nxf5 Kb3 41.Rc5 g6 42.Nh4 e4 43.dxe4 d3
44.Nf3  1-0

[Event "Sitges op"]
[Site "Sitges"]
[Date "1997.??.??"]
[Round "8"]
[White "Marin, Mihail"]
[Black "Kaeding, Rainer"]
[Result "1-0"]
[WhiteElo "2545"]
[BlackElo "2225"]

1.Nf3 d5 2.c4 dxc4 3.e3 c5 4.Bxc4 Nf6 5.O-O e6 6.Qe2 a6 7.Rd1 b5 8.Bb3 Bb7
9.a4 Qb6 10.d4 Nbd7 11.Nc3 b4 12.a5 Qc7 13.Na4 cxd4 14.exd4 Bd5 15.Bxd5 Nxd5
16.Bg5 Bd6 17.Rdc1 Qb8 18.Nc5 Nxc5 19.dxc5 Bf4 20.Rc4 h6 21.Bxf4 Nxf4 22.Qd2 Nd5
23.Rg4 Kf8 24.h4 h5 25.Rc4 Rh6 26.Ng5 Qb5 27.Qd4 Rc8 28.g3 Kg8 29.c6 e5 30.Qe4 Rhxc6
31.Rxc6 Qxc6 32.Rd1 Ne7 33.Qh7+ Kf8 34.Qh8+ Ng8 35.Nh7+ Ke7 36.Qxg7 Qe6 37.Qg5+ f6
38.Qg7+ Ke8 39.Qf8+  1-0

[Event "St Petersburg-B"]
[Site "St Petersburg"]
[Date "1997.??.??"]
[Round "10"]
[White "Khropov, Boris"]
[Black "Kochyev, Alexander"]
[Result "1/2-1/2"]
[WhiteElo "2260"]
[BlackElo "2435"]

1.Nf3 d5 2.c4 c6 3.g3 Nf6 4.Bg2 Bf5 5.cxd5 cxd5 6.Qb3 Qb6 7.Qxb6 axb6 8.Nc3 e6
9.d3 Nc6 10.O-O Bc5 11.Nb5 O-O 12.Bd2 Bg4 13.h3 Bxf3 14.Bxf3 Nd4 15.Nxd4 Bxd4
16.Bc3 Bxc3 17.bxc3 Rfc8 18.c4 Rc5 19.cxd5 Nxd5 20.Bxd5 Rxd5 21.Rfb1 Ra6
22.Rb2 Kf8 23.Rab1 Rd6 24.Kg2 Ke7 25.Kf3 Kd7 26.Ke3 Kc7 27.h4 h5 28.Kd2  1/2-1/2

[Event "Bodensee-Cup"]
[Site "Steckborn"]
[Date "1997.??.??"]
[Round "2"]
[White "Wirthensohn, Heinz"]
[Black "Dittmar, Peter"]
[Result "1/2-1/2"]
[WhiteElo "2375"]
[BlackElo "2360"]

1.Nf3 d5 2.c4 e6 3.b3 Nf6 4.Bb2 Be7 5.g3 O-O 6.Bg2 c5 7.O-O Nc6 8.e3 d4 9.exd4 cxd4
10.Re1 Ne8 11.d3 f6 12.Ba3 e5 13.Bxe7 Qxe7 14.Nbd2 Bg4 15.a3 a5 16.h3 Bh5
17.Qc2 Nc7 18.c5 Bf7 19.Ne4 Nd5 20.Nfd2 Be6 21.Nc4 Kh8 22.Kh2 Rad8 23.Qd2 Nc3
24.Ned6 Bd5 25.Bxd5 Nxd5 26.Nxa5 Nxa5 27.Qxa5 b6 28.Qb5 Nc3 29.Qxb6 Rb8 30.Qc6 Rxb3
31.Nc4 Qf7 32.a4 Qg6 33.a5 Qxd3 34.a6 Nb5 35.Nd6 Rb2 36.Rf1 Na7 37.Qd5 h5
38.Kg2 Rfb8 39.Qf7 h4 40.Qh5+ Qh7 41.Qxh4 Qxh4 42.gxh4 Nc6 43.Nc4 Rc2 44.Nb6 Ne7
45.Rfc1 Rxc1 46.Rxc1 Kg8 47.Kf3 Kf7 48.Ke4 Ke6 49.Rg1 Rg8 50.h5 Nc6 51.Ra1 Na7
52.Rb1 Rh8 53.Nc4 f5+ 54.Kd3 Kd5 55.Nb6+ Kxc5 56.Na4+ Kd6 57.Rb7 Nc6 58.a7 e4+
59.Kd2 e3+ 60.fxe3 dxe3+ 61.Kxe3 Nxa7 62.Rxa7 Rxh5 63.Rxg7 Rxh3+ 64.Kf2 Kc6
65.Rf7 Kb5 66.Rxf5+  1/2-1/2

[Event "Bodensee-Cup"]
[Site "Steckborn"]
[Date "1997.??.??"]
[Round "3"]
[White "Duppel, Matthias"]
[Black "Grund, Holger"]
[Result "1/2-1/2"]
[WhiteElo "2185"]
[BlackElo "2360"]

1.Nf3 d5 2.c4 c6 3.cxd5 cxd5 4.d4 Nf6 5.Nc3 Nc6 6.Bf4 e6 7.e3 Be7 8.Be2 O-O
9.h3 a6 10.O-O Bd7 11.Rc1 Rc8 12.a3 h6 13.Bd3 Na5 14.Ne5 b5 15.Bb1 Nc4 16.Qc2 Re8
17.Bxh6 gxh6 18.Nxf7 Kxf7 19.Qg6+ Kf8 20.Qxh6+ Kf7 21.Qg6+  1/2-1/2

[Event "SVK-chT1W 9798"]
[Site "SVK"]
[Date "1997.??.??"]
[Round "?"]
[White "Sukuba, Zdenek"]
[Black "Regec, S."]
[Result "1/2-1/2"]
[WhiteElo "2180"]
[BlackElo "2155"]

1.Nf3 d5 2.c4 c6 3.d4 Nf6 4.Nbd2 g6 5.g3 Bg7 6.Bg2 O-O 7.O-O Nbd7 8.Re1 Re8
9.e4 dxe4 10.Nxe4 Nxe4 11.Rxe4 Nf6 12.Re1 Bg4 13.Be3 Qd7 14.Qb3 Bxf3 15.Bxf3 h5
16.Rad1 e6 17.Bg5 Ng4 18.h3 Nf6 19.Kg2 Nh7 20.Be3 Nf6 21.Qc2 a6 22.b3 Rac8
23.Qe2 Nh7 24.Qd3 Rcd8 25.Qc2 Qe7 26.Qc1 Rd7 27.d5 cxd5 28.cxd5 e5 29.Bc5  1/2-1/2

[Event "SVK-chT2 9697"]
[Site "SVK"]
[Date "1997.??.??"]
[Round "5"]
[White "Jablonicky, Frantisek"]
[Black "Huba, Martin Sr"]
[Result "0-1"]
[WhiteElo "2210"]
[BlackElo "2145"]

1.Nf3 d5 2.c4 d4 3.g3 g6 4.d3 Bg7 5.Bg2 Nf6 6.b4 O-O 7.Bb2 Ng4 8.Nbd2 e5
9.O-O c6 10.a4 Be6 11.a5 Nd7 12.Ne4 Qc7 13.Qb3 h6 14.Rfb1 f5 15.Nc5 Nxc5
16.bxc5 Rab8 17.Qa4 a6 18.Bc1 g5 19.Rb6 e4 20.Ne1 e3 21.fxe3 Nxe3 22.Bxe3 dxe3
23.Rab1 f4 24.gxf4 Qxf4 25.Rxb7 Rxb7 26.Rxb7 Qf2+  0-1

[Event "EST-ch (Women)"]
[Site "Tallinn"]
[Date "1997.??.??"]
[Round "4"]
[White "Ranniku, Maaja"]
[Black "Golubenko, Anastasia"]
[Result "1-0"]
[WhiteElo "2155"]
[BlackElo "2065"]

1.Nf3 d5 2.c4 d4 3.e3 c5 4.exd4 cxd4 5.d3 Nc6 6.Be2 Nf6 7.O-O e6 8.a3 a5
9.b3 Be7 10.Bb2 O-O 11.Nbd2 b6 12.Ne1 Bb7 13.Bf3 Ra7 14.Nc2 e5 15.Re1 Nd7
16.Bd5 Qc7 17.Qe2 Nf6 18.Bf3 Bd6 19.Nf1 Nd8 20.b4 Ne6 21.Bxb7 Qxb7 22.f3 Rfa8
23.b5 Nc5 24.Ng3 Qd7 25.Bc1 h6 26.Bd2 Rf8 27.Rf1 Qe6 28.Rae1 Re7 29.Bc1 Nfd7
30.Ne4 Nxe4 31.fxe4 Nc5 32.Rf3 Qg4 33.Bxh6 Re6 34.Bc1 Rg6 35.h3 Qh4 36.Ref1 Be7
37.Bd2 Rg3 38.Be1  1-0

[Event "Nordic Grand Prix"]
[Site "Torshavn"]
[Date "1997.??.??"]
[Round "2"]
[White "Fries Nielsen, Niels Jorgen"]
[Black "Thomsen, Bernhard"]
[Result "1-0"]
[WhiteElo "2405"]
[BlackElo "2075"]

1.Nf3 d5 2.c4 c6 3.e3 Nf6 4.b3 Bg4 5.Bb2 Nbd7 6.Be2 e6 7.Nc3 Be7 8.O-O O-O
9.Nd4 Bxe2 10.Qxe2 Re8 11.d3 Bf8 12.e4 e5 13.Nf3 d4 14.Nd1 g6 15.Bc1 Nh5
16.g3 Bg7 17.Ne1 Nc5 18.Ng2 Qd7 19.f3 Qc7 20.Nf2 Rad8 21.Bd2 Ne6 22.Nh3 Rf8
23.f4 exf4 24.gxf4 Rde8 25.f5 Be5 26.Nh4 Nhf4 27.Nxf4 Nxf4 28.Qf3 g5 29.f6 Kh8
30.Ng2 g4 31.Qd1 Nxg2 32.Kxg2 Bxh2 33.Qe1 Rg8 34.Qh4 g3 35.Rf5 Re5 36.Raf1 Rg6
37.Bf4 Rxf5 38.exf5 Qa5 39.fxg6 fxg6  1-0

[Event "Nordic Grand Prix"]
[Site "Torshavn"]
[Date "1997.??.??"]
[Round "8"]
[White "Sloth, Jorn"]
[Black "Gretarsson, Helgi Ass"]
[Result "0-1"]
[WhiteElo "2370"]
[BlackElo "2470"]

1.Nf3 d5 2.c4 d4 3.b4 f6 4.d3 e5 5.a3 c5 6.g3 cxb4 7.Bg2 Nc6 8.O-O a5 9.axb4 Bxb4
10.Ba3 Nge7 11.Bxb4 Nxb4 12.Na3 O-O 13.Nc2 Na6 14.Nd2 Nc5 15.Ne4 Ne6 16.Qc1 Bd7
17.Qa3 Bc6 18.Rfb1 b6 19.Rb2 Rb8 20.Rab1 Bxe4 21.Bxe4 Nc5 22.Bg2 Qc7 23.Rb5 Rfd8
24.Na1 Nc8 25.Bd5+ Kh8 26.Qxc5 bxc5 27.Rxb8 Nd6 28.Rxd8+ Qxd8 29.Nb3 Qb6
30.Nd2 Qa7 31.Bc6 a4  0-1